| 000 | 00710nam a2200241 a 4500 | ||
|---|---|---|---|
| 001 | 86065 | ||
| 003 | BD-RjUL | ||
| 005 | 20260106110805.0 | ||
| 008 | 260106s1896 enk 000 1 fre | ||
| 035 | _a(BD-RjUL)86065 | ||
| 040 |
_aDLC _cICarbS _dDLC _dBD-RjUL _beng |
||
| 041 | _aeng | ||
| 082 |
_223 _a843.7 _bBAM 1896 |
||
| 100 | 1 |
_aBalzac, Honoré de, _d1799-1850. _911577 |
|
| 245 | 1 | 0 |
_aModeste Mignon / _cHonoré de Balzac |
| 260 |
_aLondon : _bThe Caxton Publishing company, _c1896 |
||
| 300 |
_a407 pages : _billustrations; _c21 cm. |
||
| 336 |
_atext _btxt _2rdacontent |
||
| 337 |
_aunmediated _bn _2rdamedia |
||
| 338 |
_avolume _bnc _2rdacarrier |
||
| 650 |
_aFrench fiction _92547 |
||
| 942 |
_2ddc _cBK |
||
| 999 |
_c86065 _d86065 |
||